00514cam a22002171 4500001001300000003000400013005001700017008004100034010001700075025001800092035002000110040002100130042001200151050001900163100003300182245002000215260001100235300001900246500001400265999001700279sa 64005839 DLC20260227112035.0940916s1962 ii 000 0 orio  asa 64005839  aPL480:I-O-240 a(OCoLC)31130511 aDLCcCUdCUdDLC apremarc00aPK2579.M53bS31 aMisra, Gopal Chandra,d1925-10aSatyāgrahī. c[1962] a140 p.c18 cm. aIn Oriya. c59355d59355